(NEW) Name Changers - Statistics

General Stats
  • This quiz has been taken 327 times
  • The average score is 8 of 12
Answer Stats
Hint Answer % Correct
The Guard → G2 Esports
100%
Team Envy → OpTic Gaming → NRG
100%
SUMN FC → Fnatic
98%
FunPlus Phoenix (EMEA) → Natus Vincere
98%
Sin Prisa Gaming → Nongshim RedForce
93%
fish123 → Team Liquid
91%
NeverDone → Version1
78%
bonk → Guild Esports
63%
Knights → Disguised
53%
BreakThru → Moist Esports
50%
GodSquad → Global Esports
14%
Squad5 → Sharks Esports
10%
No matching quizzes found
Score Distribution
Percent of People with Each Score
Percentile by Number Answered
Your Score History
You have not taken this quiz